ბათუმის შოთა რუსთაველის სახელმწიფო უნივერსიტეტის ბიბლიოთეკა

ბაქტერიული ინფექციები (ბიბ.ჩანაწერი № 49203)

000 -LEADER
fixed length control field 00792nam a2200217Ia 4500
001 - CONTROL NUMBER
control field 16114
003 - CONTROL NUMBER IDENTIFIER
control field GE_BSU
008 - FIXED-LENGTH DATA ELEMENTS--GENERAL INFORMATION
fixed length control field 181216s||||||||xx |||||||||||||| ||und||
040 ## - CATALOGING SOURCE
Transcribing agency GE_BSU
080 ## - UNIVERSAL DECIMAL CLASSIFICATION NUMBER
Universal Decimal Classification number 616.98:579
100 ## - MAIN ENTRY--PERSONAL NAME
Personal name ნანუაშვილი, ალექსანდრე
245 ## - TITLE STATEMENT
Title ბაქტერიული ინფექციები
260 ## - PUBLICATION, DISTRIBUTION, ETC.
Place of publication, distribution, etc. თბილისი
260 ## - PUBLICATION, DISTRIBUTION, ETC.
Name of publisher, distributor, etc. შპს გაზ. "საქართველოს მაცნეს" სტ.
260 ## - PUBLICATION, DISTRIBUTION, ETC.
Date of publication, distribution, etc. 2009
300 ## - PHYSICAL DESCRIPTION
Extent 315 გვ. : ცხრ. ; 29 სმ.
300 ## - PHYSICAL DESCRIPTION
Accompanying material საძიებელი გვ.304-309
520 ## - SUMMARY, ETC.
Summary, etc. ეძღვნ. აკად. ვახტანგ ბოჭორიშვილის ხოვნას.
942 ## - ADDED ENTRY ELEMENTS (KOHA)
Koha item type წიგნი
ეგზემპლარები
Withdrawn status Lost status Damaged status Not for loan Date acquired Barcode Date last seen Price effective from Koha item type
        2018-12-17 39873 2018-12-17 2018-12-17 წიგნი
        2018-12-17 39874 2018-12-17 2018-12-17 წიგნი
        2018-12-17 39875 2018-12-17 2018-12-17 წიგნი